Potential countries in South America - Statistics

General Stats
  • This quiz has been taken 9 times
  • The average score is 2 of 11
Answer Stats
Hint Answer % Correct
France French Guiana
78%
Brazil Republic of Rio De Janero
44%
Brazil Riograndenense Republic
44%
Brazil Sao Paulo
33%
Brazil Republic of Pernambuco
11%
Bolivia Republic of Santa Cruz
11%
Brazil Sul
11%
Bolivia Collasuyu
0%
Chile Magallanes
0%
Argentina/ Chile Wallmapu
0%
Venezuela Zulia
0%
No matching quizzes found
Score Distribution
Percent of People with Each Score
Percentile by Number Answered
Your Score History
You have not taken this quiz